000 00454nam a2200157Ia 4500
005 20250224144118.0
008 231217s9999 xx 000 0 und d
020 _a9788131415672
082 _a659.1 SUR;1 R
100 _aSuresh, K. Indira Srinivasan Mannar ed.
245 0 _aPublic service advertising : some issues and campaigns
260 _c2008
_bIcfai
_aHyderabad
300 _avii, 209
650 _aadvertising,some,campaigns
942 _cAA
999 _c191052
_d191052